Meilleurs buteurs de l'histoire de l'OL - Statistiques

Statistiques générales
  • Ce quiz a été pris 96 fois
  • Le résultat moyen est 7 sur 15
Statistiques - réponses
Hint Réponse Nationalité Buts % Correct
4 Alexandre Lacazette FRA 129
87%
5 Juninho BRE 100
84%
14 Memphis Depay P-B 76
78%
10 Lisandro Lopez ARG 82
70%
8 Sonny Anderson BRE 94
65%
15 Nabil Fekir FRA 69
57%
12 Sidney Govou FR 77
55%
2 Bernard Lacombe FRA 149
51%
7 Bafétimbi Gomis FRA 95
48%
1 Fleury Di Nallo FRA 222
45%
3 Serge Chiesa FRA 132
21%
6 Nestor Combin FRA 95
6%
13 André Guy FR 76
2%
9 Ernest Schultz FRA 84
1%
11 Sima Nikolic BOS 78
1%
Aucun quiz correspondant
Distribution des résultats
% des personnes avec chaque résultat
Percentile par nombre de réponses
Votre historique - résultats
Vous n’avez pas pris ce quiz